Normal view
MARC view
Entry Personal Name
001 - CONTROL NUMBER
- control field: 32261
003 - CONTROL NUMBER IDENTIFIER
- control field: dpl
005 - DATE AND TIME OF LATEST TRANSACTION
- control field: 20110810114150.0
008 - FIXED-LENGTH DATA ELEMENTS
- fixed length control field: 110810|||a|||||| | ||| d
040 ## - CATALOGING SOURCE
- Original cataloging agency: dpl
- Transcribing agency: dpl
100 ## - HEADING--PERSONAL NAME
- Personal name: पद्मनाभन,सुजाता
670 ## - SOURCE DATA FOUND
- Source citation: Work cat.: (dpl)21895: पद्मनाभन,सुजाता, चुस्कित स्कूल चली /, 2007
670 ## - SOURCE DATA FOUND
- Source citation: Work cat.: (dpl)21895: पद्मनाभन,सुजाता, चुस्कित स्कूल चली /, 2007
